Theories of culture and society (Record no. 1225707)

MARC details
000 -LEADER
fixed length control field 00602nam a2200217Ia 4500
005 - DATE AND TIME OF LATEST TRANSACTION
control field 20241129104407.0
008 - FIXED-LENGTH DATA ELEMENTS--GENERAL INFORMATION
fixed length control field 241129s9999||||xx |||||||||||||| ||und||
020 ## - INTERNATIONAL STANDARD BOOK NUMBER
International Standard Book Number 9789395401630
037 ## - SOURCE OF ACQUISITION
Stock number Textual
040 ## - CATALOGING SOURCE
Original cataloging agency RTL
Language of cataloging eng
Transcribing agency RTL
041 ## - LANGUAGE CODE
Language code of text/sound track or separate title eng
Source of code eng
084 ## - COLON CLASSIFICATION NUMBER
Classification number Y:1 R4
Assigning agency RTL
100 ## - MAIN ENTRY--PERSONAL NAME
Personal name Puri Sidhartha
9 (RLIN) 726182
245 #0 - TITLE STATEMENT
Title Theories of culture and society
Statement of responsibility, etc. Puri Sidhartha
260 ## - PUBLICATION, DISTRIBUTION, ETC.
Place of publication, distribution, etc. New Delhi
Name of publisher, distributor, etc. Rajat Publications
Date of publication, distribution, etc. 2024
300 ## - PHYSICAL DESCRIPTION
Extent xii,276p.
365 ## - TRADE PRICE
Price type code INR
Price amount 1550
650 ## - SUBJECT ADDED ENTRY--TOPICAL TERM
Topical term or geographic name entry element Culture and Society
9 (RLIN) 726183
942 ## - ADDED ENTRY ELEMENTS (KOHA)
Koha item type Textbook
Classification part Y:1 R4
Holdings
Withdrawn status Lost status Damaged status Not for loan Home library Current library Date acquired Source of acquisition Cost, normal purchase price Inventory number Total Checkouts Full call number Barcode Date last seen Price effective from Koha item type
        Ratan Tata Library Ratan Tata Library 2024-11-29 Pratibha Book distributors 1550.00 46 & 13/2/24   Y:1 R4 RT1585172 2024-11-29 2024-11-29 Textbook
Copyright @ Delhi University Library System